00402nam a2200121Ia 4500008004000000020001800040082001600058100004700074245005500121260007500176300001200251650001700263210210b1998 xxu||||| |||| 00| 0 eng d a0 534 52821 X a111.85 BLOC aBLOCKER (Gene H) and JEFFERS (Jennifer M). aContextualizing aesthetics: from plato to lyotard. aNew York.bWadsworth Publishing Company, Thomson Publishing Co.,c1998 axxi,348 aAesthetics